| Tag |
First Indicator |
Second Indicator |
Subfields |
| LEADER |
00000cam a2200000 i 4500 |
| 001 |
in00000040184 |
| 005 |
20160106094634.0 |
| 008 |
790131m19781979enka 00000 eng |
| 010 |
|
|
|a 79301329
|
| 015 |
|
|
|a GB***
|
| 020 |
|
|
|a 0850122066 (v. 1) :
|c 7.50 (v. 1)
|
| 035 |
|
|
|a (OCoLC)04774973
|
| 035 |
|
|
|9 AAE7725AM
|
| 040 |
|
|
|a DLC
|c DLC
|d TXA
|d UtOrBLW
|
| 049 |
|
|
|a TXAM
|c 1
|v 1 [978315]
|c 2
|v 1 [1115449]
|
| 050 |
0 |
0 |
|a QA76.6
|b .I585 1978
|
| 082 |
0 |
|
|a 001.6/1
|
| 245 |
0 |
0 |
|a Introducing systems analysis and design /
|c [edited by Barry Lee].
|
| 264 |
|
1 |
|a Manchester, Eng. :
|b NCC Publications,
|c 1978-
|
| 300 |
|
|
|a volumes :
|b illustrations ;
|c 21 cm.
|
| 336 |
|
|
|a text
|b txt
|2 rdacontent
|
| 337 |
|
|
|a unmediated
|b n
|2 rdamedia
|
| 338 |
|
|
|a volume
|b nc
|2 rdacarrier
|
| 650 |
|
0 |
|a Computer programming.
|
| 650 |
|
0 |
|a System analysis.
|
| 650 |
|
0 |
|a System design.
|
| 700 |
1 |
|
|a Lee, Barry,
|d 1945-
|
| 710 |
2 |
|
|a National Computing Centre Limited.
|
| 999 |
|
|
|a MARS
|
| 999 |
f |
f |
|s fb254a94-0d97-3314-b5d5-1079b042868b
|i 55d2e477-afc3-3d55-881f-5231d417c468
|t 0
|
| 952 |
f |
f |
|p normal
|a Texas A&M University
|b College Station
|c Sterling C. Evans Library
|d Evans: Library Stacks
|t 0
|e QA76.6 .I585 1978
|h Library of Congress classification
|i unmediated -- volume
|k v.1
|m A14804462146
|
| 998 |
f |
f |
|a QA76.6 .I585 1978
|s v.1
|t 0
|l Evans: Library Stacks
|